000 00367nam a2200145Ia 4500
008 240729s9999 xx 000 0 und d
022 _a2052-4463
245 0 _aScientific Data
260 _aUnited Kingdom
260 _bNature Portfolio
650 _aScience
856 _uhttps://doaj.org/toc/fd960f780f8e4915ad2f172bee3f4d1d
942 _2ddc
942 _cDOAJEJ
999 _c74013
_d74013
945 _a1
_bMadushi Gamage
_c1
_dMadushi Gamage